NBA Draft 2025 - Statistics

General Stats
  • This quiz has been taken 44 times
    43 since last reset
  • The average score is 22 of 59
Answer Stats
Hint Answer % Correct
1.Mavericks Cooper Flagg
100%
4.Hornets Kon Knueppel
100%
3.76ers VJ Edgecombe
97%
2.Spurs Dylan Harper
92%
7.Pelicans Jeremiah Fears
90%
5.Jazz Ace Bailey
87%
6.Wizards Tre Johnson
85%
8.Nets Egor Demin
82%
11.Trail Blazers->Grizzlies Cedric Coward
79%
10.Rockets->Suns Khaman Maluach
79%
13.Hawks->Pelicans Derik Queen
77%
9.Raptors Collin Murray-Boyles
74%
14.Spurs Carter Bryant
64%
27.Nets Danny Wolf
64%
12.Bulls Noa Essengue
56%
19.Nets Nolan Traore
51%
26. Nets Ben Saraf
46%
22.Hawks->Nets Drake Powell
46%
28.Celtics Hugo Gonzalez
46%
42.Kings Maxime Raynaud
44%
15.Thunder Thomas Sorber
44%
33.Hornets Sion James
41%
18.Wizards->Jazz Walter Clayton Jr
41%
30.Clippers Yanic Konan Niederhauser
41%
20.Heat Kasparas Jakucionis
38%
23.Pelicans->Hawks Asa Newell
36%
29.Suns->Hornets Liam McNeeley
36%
56.Grizzlies->Warriors Will Richard
36%
24.Thunder->Kings Nique Clifford
33%
34.Hornets Ryan Kalkbrenner
33%
17. Timberwolves Joan Beringer
31%
25.Magic Jase Richardson
28%
21.Jazz->Wizards Will Riley
28%
36.Nets->Lakers Adou Thiero
23%
38.Spurs->Pacers Kam Jones
23%
46.Magic->Celtics Amari Williams
18%
35.76ers Johni Broome
18%
37.Pistons Chaz Lanier
15%
40.Wizards->Pelicans Micah Peavy
15%
51.Clippers->Knicks Mohamed Diawara
15%
32.Celtics->Magic Noah Penda
15%
31.Timberwolves->Suns Rasheer Fleming
15%
49.Cavaliers Tyrese Proctor
15%
50.Knicks->Clippers Kobe Sanders
13%
39.Raptors Alijah Martin
10%
44.Thunder Brooks Barnhizer
10%
57.Magic->Celtics Max Shulga
10%
16. Grizzlies->Trail Blazers Yang Hansan
10%
48.Grizzlies Javon Small
8%
45.Bulls->Timberwolves Rocco Zikarsky
8%
54.Pacers Taelon Peter
8%
52.Suns->Warriors Alex Toohey
5%
47.Bucks Bogoljub Markovic
5%
41.Warriors->Suns Koby Brea
5%
55.Lakers->Bulls Lachlan Olbrich
5%
59.Rockets->Grizzlies Jahmai Mashack
3%
43.Wizard Jamie Watkins
3%
53.Jazz John Tonje
3%
58.Cavaliers Saliou Niang
3%
No matching quizzes found
Score Distribution
Percent of People with Each Score
Percentile by Number Answered
Your Score History
You have not taken this quiz since the last reset